Ekonomický vývoj Číny a finančné trhy v období globálnej finančnej a hospodárskej krízy diplomová práca

Guardado en:
Detalles Bibliográficos
Autor principal: Ridzoň, Ľubomír
Autor Corporativo: Národohospodárska fakulta EU. Katedra bankovníctva a medzinárodných financií
Otros Autores: Jankovská, Anežka
Formato: Libro
Lenguaje:eslovaco
Publicado: Bratislava 2014
Etiquetas: Agregar Etiqueta
Sin Etiquetas, Sea el primero en etiquetar este registro!

MARC

LEADER 00000nbm a2200000 4500
001 0187263
005 20170201085416.2
041 0 |a slo 
044 |a SK 
245 1 0 |a Ekonomický vývoj Číny a finančné trhy v období globálnej finančnej a hospodárskej krízy  |b diplomová práca  |c Ľubomír Ridzoň ; školiteľ: Anežka Jankovská 
264 1 |a Bratislava  |c 2014 
300 |a 69 s. 
100 1 |a Ridzoň, Ľubomír 
700 1 |a Jankovská, Anežka 
710 2 |a Národohospodárska fakulta EU. Katedra bankovníctva a medzinárodných financií